With Lawrence in Arabia / (Record no. 25150)
[ view plain ]
| 000 -LEADER | |
|---|---|
| fixed length control field | 00794nam a2200241 a 4500 |
| 001 - CONTROL NUMBER | |
| control field | 25150 |
| 003 - CONTROL NUMBER IDENTIFIER | |
| rucl marc code | BD-RjUL |
| 005 - DATE AND TIME OF LATEST TRANSACTION | |
| control field | 20211209050834.0 |
| 008 - FIXED-LENGTH DATA ELEMENTS--GENERAL INFORMATION | |
| fixed length control field | 140316s1924 nyubcf 000 0deng d |
| 035 ## - SYSTEM CONTROL NUMBER | |
| System control number | (BD-RjUL)25219 |
| -- | OCLC 1895766 from poo001 |
| 040 ## - CATALOGING SOURCE | |
| Original cataloging agency | DLC |
| Transcribing agency | FQG |
| Modifying agency | m.c. |
| -- | OCL |
| -- | BD-RjUL |
| Language of cataloging | eng |
| 041 ## - LANGUAGE CODE | |
| Language code of text/sound track or separate title | eng |
| 082 00 - DEWEY DECIMAL CLASSIFICATION NUMBER | |
| Classification number | 940.4150924 |
| Author mark and year | THW 1924 |
| 100 1# - MAIN ENTRY--PERSONAL NAME | |
| Personal name | Thomas, Lowell, |
| Dates associated with a name | 1892-1981. |
| 9 (RLIN) | 77371 |
| 245 10 - TITLE STATEMENT | |
| Title | With Lawrence in Arabia / |
| Statement of responsibility, etc. | by Lowell Thomas. |
| 260 ## - PUBLICATION, DISTRIBUTION, ETC. (IMPRINT) | |
| Place of publication, distribution, etc. | New York ; London : |
| Name of publisher, distributor, etc. | Century Co, |
| Date of publication, distribution, etc. | c1924. |
| 300 ## - PHYSICAL DESCRIPTION | |
| Pagination | xiv, 408, [53] p of plates : |
| Illustrations | ill., 2 maps ; |
| Size | 23 cm. |
| 600 10 - SUBJECT ADDED ENTRY--PERSONAL NAME | |
| Personal name | Lawrence, T. E. |
| Fuller form of name | (Thomas Edward), |
| Dates associated with a name | 1888-1935. |
| 650 #0 - SUBJECT ADDED ENTRY--TOPICAL TERM | |
| Topical term or geographic name as entry element | World War, 1914-1918 |
| Geographic subdivision | Arabian Peninsula |
| 9 (RLIN) | 71721 |
| 942 ## - ADDED ENTRY ELEMENTS (KOHA) | |
| Source of classification or shelving scheme | Dewey Decimal Classification |
| Koha item type | Books |
| Lost status | Source of classification or shelving scheme | Damaged status | Not for loan | Collection code | Permanent Location | Current Location | Shelving location | Date acquired | Source of acquisition | Cost, normal purchase price | Total Checkouts | Full call number | Date last seen | Copy number | Koha item type |
|---|---|---|---|---|---|---|---|---|---|---|---|---|---|---|---|
| Dewey Decimal Classification | Added to bundle | Non-fiction | Central Library, University of Rajshahi | Central Library, University of Rajshahi | Reading Room | 27/09/1966 | A. I. Quraishi | 14.40 | 940.4150924 THW 1924 | 16/03/2014 | C-1 | Books |